Online
Catalog

Televisión : (Record no. 22948)

MARC details
000 -CABECERA
campo de control de longitud fija 00884nam a2200241 a 4500
001 - NÚMERO DE CONTROL
campo de control 000023452
005 - FECHA Y HORA DE LA ÚLTIMA TRANSACCIÓN
campo de control 20200930022229.0
008 - DATOS DE LONGITUD FIJA--INFORMACIÓN GENERAL
campo de control de longitud fija 101208s1976 sp r 000 0 spa d
020 ## - NÚMERO INTERNACIONAL ESTÁNDAR DEL LIBRO
Número Internacional Estándar del Libro 842520612X
040 ## - FUENTE DE LA CATALOGACIÓN
Centro catalogador/agencia de origen DO-SdBNP
Lengua de catalogación spa
Centro/agencia transcriptor BNPHU
082 ## - NÚMERO DE LA CLASIFICACIÓN DECIMAL DEWEY
Número de clasificación 384.55
Número de documento/Ítem C718t
049 ## - FONDOS LOCALES (OCLC)
Fondos de biblioteca BNGR
100 1# - ENTRADA PRINCIPAL--NOMBRE DE PERSONA
Nombre de persona Colombo, Furio
Fechas asociadas al nombre 1931-
9 (RLIN) 48323
240 10 - TÍTULO UNIFORME
Título uniforme Televisione: la realtà come spettacolo.
Lenguaje de la obra Español.
245 10 - MENCIÓN DE TÍTULO
Título Televisión :
Resto del título la realidad como espectáculo /
Mención de responsabilidad, etc. Furio Colombo ; versión del italiano de Esteve Riambau i Saurí ; revisión técnica por Joaquim Romaguera i Ramió.
260 ## - PUBLICACIÓN, DISTRIBUCIÓN, ETC.
Lugar de publicación, distribución, etc. Barcelona :
Nombre del editor, distribuidor, etc. Gustavo Gili,
Fecha de publicación, distribución, etc. 1976.
300 ## - DESCRIPCIÓN FÍSICA
Extensión 107 p. ;
Dimensiones 21 cm.
490 1# - MENCIÓN DE SERIE
Mención de serie Punto y línea
534 ## - NOTA SOBRE LA VERSIÓN ORIGINAL
Encabezamiento principal del original Título original:
Mención de título del original Televisione: la realtà come spettacolo.
650 #4 - PUNTO DE ACCESO ADICIONAL DE MATERIA--TÉRMINO DE MATERIA
Término de materia o nombre geográfico como elemento de entrada Televisión
9 (RLIN) 48324
700 1# - PUNTO DE ACCESO ADICIONAL--NOMBRE DE PERSONA
Nombre de persona Romaguera i Ramió, Joaquím
9 (RLIN) 48325
830 #0 - PUNTO DE ACCESO ADICIONAL DE SERIE-TÍTULO UNIFORME
Título uniforme Punto y línea
9 (RLIN) 48287

No items available.

Powered by Koha